000 00624nas a2200217 4500
001 BR9104257
003 BR-BrBNA
005 20231205092151.0
007 ta
008 230509b bl.|||p| |||| 00| 00por d
040 _aBR-BrBNA
_bpor
_cBiblioteca Nacional de Agricultura
041 _a(Pr)
072 _aN20
100 1 _aAnon.
245 1 _aInstalacoes rurais: por dentro dos bretes e mangueiras
650 _aINSTALACAO PARA ANIMAL
650 _aCURRAL
773 0 _tGranja do Ano (Brazil)
_xISSN 0367-505X
_g(1989), no. 4 p. 103-108
_wBR9104257
909 _a202311
_bLúcia
_c55
_dLúcia Elande
942 _2AGRIS
_n0
_cANA
999 _c129810
_d129810